Music Quiz

Random Music or Lyrics Quiz

Preceding lyric? Quiz Stats

 Plays Quiz not verified by Sporcle

Challenge
Share
Tweet
Embed
Score 0/31 Timer 10:00
0 Plays Today
Following lyric What comes before? % Correct
... Some were born to sing the bluesSome will win, some will lose
66.1%
... It's a suicide rapIt's a death trap
44.8%
... I farm for my meals [also heard as 'I fight for my meals']Out here in the fields
40%
... The subject | Of schoolgirl fantasyYoung teacher
31.3%
... If I'm not back this time tomorrowDidn't mean to make you cry
30.7%
... The tune she humsThe words she knows
26.2%
... Or leave a bad taste in your mouth?Did I disappoint you?
25.8%
... If the stores are all closedWhen she gets there, she knows
25.3%
... If I misbehaveI'll let you whip me
20.9%
... When you were counting on your rosaryYou didn't count on me
20.2%
... He says 'Why Am I short of attention?'A man walks down the street
20.1%
... I wanna take you thereI'm down on my knees
19.3%
... My, how you have grownI saw you just the other day
19.1%
... But what I got I'll give to youI may not have a lot to give
17.8%
... But the words won't come outHe opens his mouth
15.5%
... I saw the photographWell, I just had to laugh
13.6%
Following lyric What comes before? % Correct
... And he's a thinking that he's gonna get luckyRight now, she's probably saying I'm drunk
10.8%
... Everyone's a Captain KirkEveryone's a superhero
10.2%
... A man on my hipsI got gloss on my lips
9.9%
... Supposed to fire my imaginationAbout some useless information
9.7%
... Where does that highway lead to?You may ask yourself
9.7%
... Ooooh they're red white and blue, yeahSome folks are born to wave the flag
9%
... I'll give you some adviceFor a taste of your whiskey
8.6%
... I used to feel so uninspiredLooking out on the morning rain
6.9%
... And read each one out loudI felt he found my letters
6.2%
... You can't forget your pastIn this bright future
5.5%
... And lots of hours | To spend with youI've got flowers
4.7%
.... So he's leaving the life he's come to knowLA proved too much for the man
4.6%
... All you gotta do is repeat after meSit yourself down, take a seat
3.9%
... Let me groove youIf the spirit moves you
3.8%
... Is hangin' on my backThe only shirt I own
1.2%

You're not logged in!

Compare scores with friends on all Sporcle quizzes.
OR
Log In

You Might Also Like...

Show Comments

Extras

Editor's Pick Jun 6, 2012ReportNominate
Tags:Lyrics Quiz, Song Quiz, before, preceding

Top Quizzes Today


Score Distribution

Your Account Isn't Verified!

In order to create a playlist on Sporcle, you need to verify the email address you used during registration. Go to your Sporcle Settings to finish the process.

Report this User

Report this user for behavior that violates our Community Guidelines.

Details: